5HLuxD.jpg

KING HENRY VIII SENIOR AND PRIMARY SCHOOL LIBRARY OPAC

WHEN THE MOUNTAINS ROARED (Record no. 5511)

000 -LEADER
fixed length control field 00416nam a22001217a 4500
008 - FIXED-LENGTH DATA ELEMENTS--GENERAL INFORMATION
fixed length control field 250926b ||||| |||| 00| 0 eng d
020 ## - INTERNATIONAL STANDARD BOOK NUMBER
International Standard Book Number 9781510102118
082 ## - DEWEY DECIMAL CLASSIFICATION NUMBER
Classification number 823.92 BUT
100 ## - MAIN ENTRY--PERSONAL NAME
Personal name BUTTERWORTH,JESS
Relator term AUTHOR
Language of a work ENGLISH
245 ## - TITLE STATEMENT
Title WHEN THE MOUNTAINS ROARED
260 ## - PUBLICATION, DISTRIBUTION, ETC.
Place of publication, distribution, etc. CARMELITE HOUSE,50 VICTORIA EMBANKMENT LONDON EC4Y oDZ
Name of publisher, distributor, etc. ORION CHILDREN'S BOOKS/AN IMPRINT OF HACHETTE CHILDREN'S GROUP
Date of publication, distribution, etc. 2018
942 ## - ADDED ENTRY ELEMENTS (KOHA)
Source of classification or shelving scheme
Holdings
Withdrawn status Lost status Source of classification or shelving scheme Damaged status Not for loan Collection code Permanent Location Current Location Shelving location Date acquired Source of acquisition Full call number Barcode Date last seen Price effective from Koha item type Public note
          Fiction KH8 Primary School Library KH8 Primary School Library Fiction 2025-09-26 SOF 823.92 BUT KHPL000007212 2025-12-05 2025-09-26 Books - Fiction PRIMARY LIBRARY

Powered By KH8 IT Dept